Najwięcej sezonów w najwyższej dywizji - Ekstraklasa - Statystyki

Ogólne statystyki
  • Ten quiz został rozwiązany 253 razy
  • Średni wynik to 41 z 86
Statystyki odpowiedzi
Miejsce Zespół Sezony % Poprawnych
1 Legia Warszawa 85
99%
6 Lech Poznań 61
97%
2 Wisła Kraków 82
97%
5 Górnik Zabrze 64
95%
3 Ruch Chorzów 77
95%
16 Lechia Gdańsk 30
92%
7 Pogoń Szczecin 49
92%
11 Widzew Łódź 35
92%
9 Cracovia 43
91%
4 ŁKS Łódź 66
90%
8 Śląsk Wrocław 43
89%
23 Arka Gdynia 16
88%
22 Jagiellonia Białystok 19
88%
14 Polonia Warszawa 31
88%
13 Zagłębie Lubin 33
88%
15 GKS Katowice 30
83%
26 Korona Kielce 14
83%
21 Warta Poznań 20
83%
31 Piast Gliwice 12
80%
17 Stal Mielec 27
80%
42 Raków Częstochowa 7
79%
64 Radomiak Radom 2
78%
24 Wisła Płock 15
78%
39 Górnik Łęczna 8
77%
12 Polonia Bytom 35
76%
73 Miedź Legnica 1
74%
10 Zagłebie Sosnowiec 36
74%
37 Motor Lublin 9
73%
28 Zawisza Bydgoszcz 14
73%
34 Stal Rzeszów 11
67%
38 Stomil Olsztyn 8
66%
56 GKS Tychy 3
65%
33 Amica Wronki 11
64%
20 Odra Opole 22
64%
32 GKS Bełchatów 12
63%
48 Podbeskidzie Bielsko-Biała 6
63%
74 Sandecja Nowy Sącz 1
62%
51 Termalica Nieciecza 4
59%
29 Pogoń Lwów 13
58%
43 Hutnik Kraków 7
57%
25 Garbarnia Kraków 15
52%
18 Szombierki Bytom 25
52%
27 Odra Wodzisław Śląski 14
46%
35 Dyskobolia Grodzisk Wielkopolski 10
44%
58 KSZO Ostrowiec Świętokrzyski 3
40%
52 Stal Stalowa Wola 4
40%
19 Gwardia Warszawa 23
39%
77 Górnik Polkowice 1
37%
54 Ruch Radzionków 3
35%
49 Górnik Wałbrzych 6
33%
59 Siarka Tarnobrzeg 3
33%
44 Bałtyk Gdynia 7
31%
81 GKS Jastrzębie 1
31%
76 RKS Radomsko 1
30%
45 ROW Rybnik 7
30%
79 Świt Nowy Dwór Mazowiecki 1
30%
75 Szczakowianka Jaworzno 1
28%
40 Olimpia Poznań 8
27%
30 Warszawianka 13
26%
62 Sokół Pniewy 2
21%
46 Czarni Lwów 7
18%
78 Tarnovia Tarnów 1
17%
47 Polonia Bydgoszcz 7
16%
50 Zagłębie Wałbrzych 6
14%
55 1. FC Katowice 3
13%
41 Górnik Radlin 8
13%
36 AKS Chorzów 10
12%
68 Igloopol Dębica 2
12%
83 Śmigły Wilno 1
11%
53 Arkonia Szczecin 4
10%
84 Jutrzenka Kraków 1
10%
57 Klub Turystów Łódź 3
10%
65 Unia Racibórz 2
10%
60 Śląsk Świętochłowice 3
9%
69 TKS Toruń 2
9%
71 Dąb Katowice 2
8%
66 Hasmonea Lwów 2
8%
85 Lechia Lwów 1
8%
70 Podgórze Kraków 2
8%
63 Sokół Tychy 2
8%
86 Union-Touring Łódź 1
7%
80 Rymer Niedobczyce 1
6%
82 ŁTSG Łódź 1
4%
72 Olimpia Gdańsk 1
4%
61 WKS Siedlce 3
4%
67 OWKS Kraków 2
3%
Nie znaleziono quizów pasujących do podanych kryteriów
Rozkład punktacji
Procent ludzi z każdym wynikiem
Percentyl według liczby udzielonych odpowiedzi
Twoja historia wyników
Nie rozwiązałeś tego quizu